000 00201 a2200097 4500
020 _a0200040033
041 _aspa
100 _aSmarty
245 _aPatriotismo e Independencia de Nicaragua
942 _cBK
999 _c14435
_d14435